| 000 | 00642cam a22002413a 4500 | ||
|---|---|---|---|
| 001 | 24542 | ||
| 003 | PGUSA | ||
| 005 | 20140828083527.0 | ||
| 008 | 080208s2008||||xxu|||||s|||||000 | eng d | ||
| 040 |
_aPGUSA _beng |
||
| 042 | _adc | ||
| 050 | 4 | _aTX | |
| 100 | 1 |
_aMurrey, Thomas J. _q(Thomas Jefferson) |
|
| 245 | 1 | 0 |
_aFifty Salads _h[electronic resource] / _cThomas J. Murrey |
| 260 |
_bProject Gutenberg, _c2008 |
||
| 506 | _aPublic domain in the USA. | ||
| 516 | _aElectronic text | ||
| 653 | _aSalads | ||
| 653 | _aCooking | ||
| 830 | 0 |
_aProject Gutenberg _v24542 |
|
| 856 | 4 | 0 | _uhttp://www.gutenberg.org/ebooks/24542 |
| 942 | _cEB | ||
| 999 |
_c253797 _d253797 |
||